Ik reis van Portugal naar Denemarken noem de landen en plaatsen - Statistieken

Algemene statistieken
  • Deze quiz is 40 keer genomen
  • De gemiddelde score is 7 van 29
Answers on the Grid
Answers color-coded by a green-red scale on the quiz's grid according to % correct below.
Turkije
Berlijn
Sontbrug
Nederland
Donau
Scandinavië
Esbjerg
Seine
Amsterdam
Parijs
Duitsland
Seeland
Kopenhagen
Reykjavik
Stockholm
Letland
Porto
Frankfurt
Zwitserland
Luxemburg
Roergebied
Belgie
Andorra
Andorra la vella
Lissabon
Spanje
Disneyland
Denemarken
Matterhorn
MontBlanc
Großglockner
Legoland
Rijn
Bayern
Frankrijk
Arc de Triomphe
Barcelona
Rotterdam
Keukenhof
Maas
Rhone
Polen
Beieren
Madrid
Eifel toren
Tsjechië
 
Antwoordstatistieken
Antwoord % Correct
Lissabon
44%
Madrid
44%
Frankrijk
41%
Spanje
41%
Barcelona
37%
Denemarken
37%
Duitsland
37%
Eifel toren
37%
Parijs
37%
Arc de Triomphe
33%
Legoland
33%
Porto
33%
Kopenhagen
30%
Berlijn
26%
Rijn
22%
Roergebied
22%
Sontbrug
22%
Bayern
19%
Rhone
19%
Seine
19%
Frankfurt
15%
Maas
15%
Scandinavië
15%
Beieren
11%
Disneyland
11%
Seeland
11%
Donau
7%
MontBlanc
7%
Esbjerg
4%
Geen overeenkomende quizzen gevonden
Scoreverdeling
Procent van Mensen met Elke Score
Percentiel versus Aantal Correcte Antwoorden
Uw Scoregeschiedenis
U heeft deze quiz nog niet genomen